000 00211nam a22000857a 4500
008 161209b xxu||||| |||| 00| 0 eng d
100 _91958
_aJain.M.etal.
245 _aPhysics-XII
260 _aNew delhi
_bS. Chand
_c2011
999 _c4753
_d4753